| 000 | 00981nam a2200193Ii 4500 | ||
|---|---|---|---|
| 003 | JO-AjNU | ||
| 008 | 230605s9999||||xx |||||||||||||| ||und|| | ||
| 040 |
_aJO-AjNU _bara _erda _cJO-AjNU |
||
| 041 | _aara | ||
| 050 | 1 | 4 | _aDS62.8.2012 |
| 100 | 3 |
_aالجامعة الأردنية. مركز الدراسات الاستراتيجية. المرصد والدراسات الاقتصادية, _eauthor _946124 |
|
| 245 | 0 | 0 | _aأداء الاقتصاد الأردني في ظل الربيع العربي : أوراق بحثية |
| 264 | 3 | 1 | _aعمان: الجامعة الأردنية، مركز الدراسات الاستراتيجية، 2012 |
| 300 | _a36ص | ||
| 336 |
_atext _btxt _2rdacontent |
||
| 337 |
_aunmediated _bn _2rdamedia |
||
| 338 |
_avolume _bnc _2rdacarrier |
||
| 650 | 4 |
_aالربيع العربي، 2010- -- الجوانب الاقتصادية -- الأردن -- سياسة وحكومة -- بحوث -- الأردن -- أحوال اقتصادية -- بحوث _946125 |
|
| 999 |
_aA20043 _c23611 _d23611 |
||